Mixed Word: Harry Potter Things Quiz Stats

 Plays Quiz Updated Mar 20, 2016

Challenge
Share
Tweet
Embed
Score 0/20 Timer 04:00
0 Plays Today
Scrambled HP Thing % Correct
SHALLOWHallows
97.8%
GNAFFang
96.4%
DUGEFFudge
96.3%
WHIGEDHedwig
90%
EEL DORJNALee Jordan
89.8%
VEEESPPeeves
89.1%
RACEBSBSScabbers
88.1%
GHOPIPIFRFHippogriff
86.9%
RACEHERKKreacher
85%
SINTOOPPotions
84.6%
Scrambled HP Thing % Correct
GROAGAAragog
84.1%
PPPOY MEPRYFOPoppy Pomfrey
81.9%
KIBLIASSBasilisk
81%
MADPA PLAITPadma Patil
80.7%
ZEEFRINFirenze
75.5%
SOLLIDAVERNOllivanders
72.9%
TIVENCN BEARCBVincent Crabbe
70.1%
SHEENYDOUKHoneydukes
70.1%
GRANDSTRUMDurmstrang
69.6%
APMOON PTOURSPomona Sprout
59.4%

You're not logged in!

Compare scores with friends on all Sporcle quizzes.
Join for Free
OR
Log In

You Might Also Like...

Show Comments

Extras

Top Quizzes Today


Score Distribution

Your Account Isn't Verified!

In order to create a playlist on Sporcle, you need to verify the email address you used during registration. Go to your Sporcle Settings to finish the process.

Report this User

Report this user for behavior that violates our Community Guidelines.

Details: